000 01499nam0a2200337 4500
001 RU\NLR\BIBL_A\011336594
005 20260607070848.0
010 _a978-5-9710-4255-6
021 _aRU
_b2017-6315
_9448
035 _a(NLR Aleph) 011336594
090 _a11165374
_c11165374
100 _a20170301e20171894|||y0rusy50 ca
101 0 _arus
102 _aRU
105 _aa z 000zb
200 1 _aИван Дмитриевич Сирко
_eславный кошевой атаман войска запорожских низовых казаков
_fД.И. Эварницкий
205 _a2-е изд. [стер.]
_bрепр. по изд.: СПб, 1894
210 _aМосква
_cURSS
_cЛЕНАНД
_d2017
215 _a162 c.
_cил.
_d22
225 1 _aБиографии выдающихся личностей
_v№ 65
320 _aБиблиогр. в подстроч. примеч.
455 0 _12001#
_1210##$aСанкт-Петербург$d1894
_1700#1
_1701#1
_a
600 1 _aСирко
_bИ.Д.
_f? - 1680
_gИван Дмитриевич
_92469016
_3RU\NLR\AUTH\661466559
686 1 _aЦ59,8(2Ук)2-243дСирко
686 1 _aТ3(2Ук)461-8
700 1 _8rus
_7ca
_aЭварницкий
_bД. И.
_f1855-1940
_gДмитрий Иванович
_3RU\NLR\AUTH\7716005
_9125650
702 1 _4570
_7ca
_8rus
_aСирко
_bИ. Д.
_f-1680
_gИван Дмитриевич
_934103
_3RU\NLR\AUTH\7751169
942 _cBOOK
980 _aNB